000 00747nam a22001577a 4500
005 20250820122650.0
008 250820b |||||||| |||| 00| 0 eng d
050 _aTHE 3284 .M36 2012
_bC.1
100 _aMang'ana, Mabeya Elias
245 _aAn Assessment of the Role of Information Technology in the Enhancement of Sustainable Competitive Advantage Among SACCOS in Kisii County, Kenya
260 _aKisii
_bKisii University
_c2012
300 _axiv, 52p.:ill.
500 _aIncludes bibliographical references
650 _a1. Savings and credit cooperatives—Kenya—Kisii County. 2. Financial institutions—Kenya—Automation. 3. Cooperative societies—Kenya—Management. 4. Competitive advantage (Business)—Kenya.
942 _2lcc
_cREF
999 _c216045
_d216045